000 00715nam a2200241Ia 4500
003 OSt
005 20221005133547.0
006 a|||||r|||| 00| 0
007 ta
008 221004b |||||||| |||| 00| 0 san d
024 _a58354
037 _cTextual
040 _aCRL
_cCRL
_bsan
041 _2san
_asan
082 _aO15n251,N5, N5
100 _aचतुर्वेदी, ब्रजमोहन, ले.
245 0 _aगवेषणा
246 _aGaveṣhaṇā
260 _c1995
650 _aसंस्कृत साहित्य
942 _hO15n251,N5, N5
_cTEXL
_2cc
999 _c1067217
_d1067217